| 000 | 00708nam a22001937a 4500 | ||
|---|---|---|---|
| 999 |
_c172844 _d172844 |
||
| 005 | 20200213150948.0 | ||
| 010 | _aA-213121 | ||
| 020 |
_c40.00 _a- |
||
| 035 | _aA-213121 | ||
| 037 | _bBPPD | ||
| 082 | _a270.61 | ||
| 100 | _aمر تبہ:آ ل ا حمد سر و ر | ||
| 245 |
_aجد يد د نيا ميں ا سلا م مسا يل ا و ر ا مکا نا ت _cمر تبہ:آ ل ا حمد سر و ر |
||
| 246 |
_aJadeed Dunia Mein Islam MasailAur Imkanaat _bEdited by Aal Ahmed Saroor |
||
| 260 |
_aN.Delhi _bMaktaba Jamia Ltd. _c1983 |
||
| 270 |
_aPatodi house, Darya Ganj _bN.Delhi _e110002 _k- _l- _m- |
||
| 300 |
_a328ص _c21 Cm.(P.b) |
||
| 942 |
_2ddc _cUR _h270.61 _mس ر و |
||